000 01540nam a2200385 c 4500
001 25012
003 ES-MaCES
005 20150929135517.0
007 cr |||||||||||
008 130425s2012 lu b r i000 | eng d
035 _aCES20130002484m
040 _aES-MaCES
_bspa
_cES-MaCES
245 0 0 _aSupport for farmers'cooperatives
_hRecurso electrónico
_b: final report
_cJos Bijman ... [et al. ; this project has been commissioned and funded by the European Commission, DG Agriculture and Rural Development
260 _aLuxembourg
_bEuropean Commision, DG Agriculture and Rural Development
_c2012
300 _a1 documento pdf
_bmapas, frag. col.
_c(2,64 mb)
504 _aBibliografía: p. 122-124
541 _cGratuito
650 4 _acuadros estadísticos
_928890
650 4 _ainforme
_928986
650 4 _alegislación cooperativa
_930375
650 4 _adesarrollo cooperativo
_930370
650 4 _adesarrollo rural
_928607
650 4 _acooperativa rural
_927519
650 4 _aexplotación agrícola cooperativa
_927518
650 4 _acooperativa agrícola
_927516
653 1 0 _aAgricultura-Ganadería
650 4 _929020
_apaís de la UE
650 4 _926752
_aUE
700 1 _aBijman, Jos
_97757
710 2 _aComisión de las Comunidades Europeas
_bDirección General de Agricultura y Desarrollo Rural
_92027
856 4 _uhttp://biblioteca.ces.es/repintra/47-30065.pdf
_ytexto completo
_z[intranet]
902 _aELE PUB. ELECTRONICA
942 _2CES
_cBK
_h5.0.
999 _c25012
_d25012